Národný úrad práce výročná správa 2001

Gespeichert in:
Bibliographische Detailangaben
Format: Buch
Sprache:Slowakisch
Englisch
Veröffentlicht: Bratislava Národný úrad práce [2002]
Schlagworte:
Tags: Tag hinzufügen
Keine Tags, Fügen Sie das erste Tag hinzu!

MARC

LEADER 00000nam$a2200000$$$4500
001 0004102
005 20240318114534.0
041 0 |a slo 
041 0 |a eng 
044 |a SK 
245 1 0 |a Národný úrad práce  |b výročná správa 2001 
264 1 |a Bratislava  |b Národný úrad práce  |c [2002] 
300 |a 42 s.  |e 2 CD-ROMy 
610 2 0 |a predstavenstvo 
610 2 0 |a rady dozorné 
610 2 0 |a služby obyvateľstvu 
610 2 0 |a klienti 
610 2 0 |a sprostredkovatelia 
610 2 0 |a zamestnanie 
610 2 0 |a poradenstvo 
610 2 0 |a trh práce 
610 2 0 |a zdroje ľudské 
610 2 0 |a činnosť informačná 
610 2 0 |a médiá 
610 2 0 |a kontrola 
610 2 0 |a spolupráca medzinárodná 
610 2 0 |a politika finančná 
610 2 0 |a Národný úrad práce 
610 2 0 |a 2001